| 000 | 01150nam a22002897a 4500 | ||
|---|---|---|---|
| 999 |
_c65729 _d65729 |
||
| 005 | 20240530110840.0 | ||
| 008 | 200909s2020 ua g 000 0 ara d | ||
| 017 |
_a2020/1774 _bمصر. دار الكتب |
||
| 020 | _a9789770532928 | ||
| 040 |
_aEG-CaGPL _cEG-CaGPL |
||
| 082 | 0 | 4 |
_221 _a155.4/ _bك ر |
| 100 | 1 | _aكوستى، ماريانا | |
| 245 | 1 | 0 |
_aرهاب المدرسة ونوبات الهلع والقلق لدى الاطفال/ _cتاليف ماريانا كوستى ؛ ترجمة هبة سامى على |
| 260 |
_aالقاهرة : _bمكتبة الانجلو المصرية ، _c2020. |
||
| 300 |
_a261 ص. ؛ _c24 سم. |
||
| 650 | 0 | 7 |
_2qrmak _aعلم النفس التربوى |
| 650 | 0 | 7 |
_2qrmak _aالاطفال _xرعاية |
| 650 | 0 | 7 |
_2qrmak _aالاطفال _xعلم نفس |
| 650 | 0 | 7 |
_2qrmak _aرياض الاطفال |
| 650 | 0 | 7 |
_2qrmak _aتعليم الاطفال |
| 651 | _2qrmak | ||
| 653 | 0 | _aالقلق عند الاطفال | |
| 653 | 0 | _aرهاب المدرسة عند الاطفال | |
| 700 | 0 |
_aهبة سامى على _eمترجم |
|
| 942 |
_2ddc _cBK |
||